Elastic waves in solids with applications to nondestructive testing of pipelines /

Bibliographic Details
Main Author: Harker, A. H. (Anthony Henry)
Format: Book
Language:English
Published: Bristol ; Philadelphia : A Hilger in association with British Gas, 1988.
Subjects:

MARC

Tag First Indicator Second Indicator Subfields
LEADER 00000cam a22000008a 4500
001 in00000024989
005 20151007055659.0
008 871028s1988 enka b 00110 eng
010 |a  87028884  
020 |a 0852745826 :  |c £22.50 (est.) 
035 |a (OCoLC)16982362 
035 |9 AAB8964AM 
040 |a DLC  |c DLC  |d UtOrBLW 
043 |a e-uk--- 
049 |a TXAM  |c [A11111976] 
050 0 0 |a TJ930  |b .H374 1988 
082 0 |a 665.7/44/0287  |2 19 
100 1 |a Harker, A. H.  |q (Anthony Henry) 
245 1 0 |a Elastic waves in solids with applications to nondestructive testing of pipelines /  |c A.H. Harker. 
263 |a 8801 
264 1 |a Bristol ;  |a Philadelphia :  |b A Hilger in association with British Gas,  |c 1988. 
300 |a x, 230 pages :  |b illustrations 
336 |a text  |b txt  |2 rdacontent 
337 |a unmediated  |b n  |2 rdamedia 
338 |a volume  |b nc  |2 rdacarrier 
504 |a Bibliography: pages 207-219. 
500 |a Includes indexes. 
650 0 |a Nondestructive testing. 
650 0 |a Stress waves. 
650 0 |a Elastic waves. 
650 0 |a Natural gas pipelines  |z Great Britain  |x Testing. 
650 0 |a Pipelines  |x Testing. 
999 |a MARS 
999 f f |s d6cc4753-65ad-3824-b163-030124ee60e2  |i bf029b11-e4a4-3bbe-b1d9-d4d01eba358e  |t 0 
952 f f |p ric  |a Texas A&M University  |b Rellis Campus  |c Joint Library Facility  |d Remote Storage  |t 0  |e TJ930 .H374 1988  |h Library of Congress classification  |i unmediated -- volume  |m A14811111976 
998 f f |a TJ930 .H374 1988  |t 0  |l Remote Storage